000 00688nam a2200253Ia 4500
003 OSt
005 20220926025114.0
006 a|||||r|||| 00| 0
007 ta
008 220923b |||||||| |||| 00| 0 eng d
020 _a0198233418
037 _cGeneral Book
040 _aRTL
_cRTL
_beng
041 _2eng
_aeng
082 _aX:516, N9
100 _aGabszewicz Jean J
_9253687
245 0 _aStrategic interaction and markets
260 _aOxford
_bOxford University Press
_c1999
300 _avi, 91p
_ccm.
500 _aBibliography: P 88-89
650 _aCompetition
942 _hX:516, N9
_cGB
_2CC
999 _c646292
_d646292